Word Ladder: Menu Bar Quiz Stats

 Plays Quiz Updated Dec 29, 2012

Support Sporcle.
Go Orange.
Score 0/23 Timer 02:00
0 Plays Today
Clue Word % Correct
What is above the shouldersHEAD
92.3%
Made a knotTIED
90.5%
Pour gas into a tankFILL
90.3%
▪ Where you find Open, Save, and Print ▪▪ FILE ▪
89.5%
Liver's digestive fluidBILE
89.3%
'For Whom the ___ Tolls'BELL
89.1%
Spiritual realm of evilHELL
88.9%
Where tobogganing is doneHILL
88.5%
Placed the ball for the first stroke in golfTEED
86.6%
Location one shouldn't hit below?BELT
86.4%
▪ Where you find assistance and information ▪▪ HELP ▪
86.4%
Slip with the cost at the end of a mealBILL
86.3%
Clue Word % Correct
Red root vegetableBEET
85.2%
Take notice ofHEED
84.9%
An untidy pile of thingsHEAP
84.5%
A soft French cheeseBRIE
80.5%
Smallest of the Great LakesERIE
78.4%
One from London or Manchester, for shortBRIT
76.3%
Musician Michaels of PoisonBRET
72.4%
▪ Where you find Cut, Copy, and Paste ▪▪ EDIT ▪
68.9%
Actress McClurg or FalcoEDIE
64.4%
Strived for victory or superiorityVIED
63.9%
▪ Where you find Enter Full Screen and Zoom ▪▪ VIEW ▪
57.4%

Today's Daily Dose

You're not logged in!

Compare scores with friends on all Sporcle quizzes.
OR
Log In

From the Vault

Animation Invasion

by FearTheManatee

We're pretty sure any kind of animation invasion would involve a large number of anvils.
Remove Ads.
Support Sporcle.
Get the best of Sporcle when you Go Orange. This ad-free experience offers more features, more stats, and more fun while also helping to support Sporcle. Thank you for becoming a member.

Show Comments

Extras

Top Quizzes Today


Score Distribution

Your Account Isn't Verified!

In order to create a playlist on Sporcle, you need to verify the email address you used during registration. Go to your Sporcle Settings to finish the process.

Report this User

Report this user for behavior that violates our Community Guidelines.

Details: